Library Banner

Discord in Pakistan's Northern areas (Record no. 34032)

MARC details
000 -LEADER
fixed length control field 00519nam a2200193Ia 4500
001 - CONTROL NUMBER
control field 34508
003 - CONTROL NUMBER IDENTIFIER
control field PK-LaUMT
005 - DATE AND TIME OF LATEST TRANSACTION
control field 20221004173552.0
008 - FIXED-LENGTH DATA ELEMENTS--GENERAL INFORMATION
fixed length control field 140418s9999 xx 000 0 und d
020 ## - INTERNATIONAL STANDARD BOOK NUMBER
International Standard Book Number NA
040 ## - CATALOGING SOURCE
Transcribing agency PK-LaUMT
082 ## - DEWEY DECIMAL CLASSIFICATION NUMBER
Classification number W 954.613
Item number INT-D
110 ## - MAIN ENTRY--CORPORATE NAME
Corporate name or jurisdiction name as entry element International Crisis Group
245 ## - TITLE STATEMENT
Title Discord in Pakistan's Northern areas
Statement of responsibility, etc International Crisis Group
260 ## - PUBLICATION, DISTRIBUTION, ETC. (IMPRINT)
Place of publication, distribution, etc Brussels,Belgium:
Name of publisher, distributor, etc International Crisis Group,
Date of publication, distribution, etc 2007
300 ## - PHYSICAL DESCRIPTION
Extent 27 p.
546 ## - LANGUAGE NOTE
Language note EN
942 ## - ADDED ENTRY ELEMENTS (KOHA)
Koha item type Permanently weeded out collection
Source of classification or shelving scheme Dewey Decimal Classification
Holdings
Withdrawn status Lost status Damaged status Not for loan Home library Current library Date acquired Total Checkouts Full call number Barcode Date last seen Price effective from Koha item type
        UMT Main Campus UMT Main Campus 2014-04-18   W 954.613 INT-D 40461 2014-05-05 2014-05-05 Books